000 00569nam a22001937a 4500
005 20251108165507.0
008 250721s1990 xx 000 0 ara d
082 1 4 _aم/218.2/سبي
100 1 _aسبيتي، موسى
245 1 0 _aأخلاق آل محمد صلى الله عليه وسلم /
264 1 _aبيروت :
_bمؤسسة أهل البيت،
_c1990.
300 _a160ص
650 1 7 _aالسيرة النبوية
650 1 7 _aأخلاق الرسول
650 1 7 _aآل البيت
650 1 7 _aالإسلام
942 _2ddc
_cREF
999 _c29236
_d29236